[Event "BCF-chT 2223 (4NCL)"]
[Site "England"]
[Date "2023.04.30"]
[Round "10.4"]
[White "Duncan, Christopher R"]
[Black "Hill, Alistair"]
[Result "1-0"]
[WhiteElo "2194"]
[BlackElo "2173"]
[PlyCount "81"]
[EventDate "2022.10.22"]
[EventType "team-swiss"]
[EventRounds "11"]
[EventCountry "ENG"]
[SourceTitle "EXT 2024"]
[Source "ChessBase"]
[SourceDate "2023.10.10"]
[SourceVersion "1"]
[SourceVersionDate "2023.10.10"]
[SourceQuality "1"]
[WhiteTeam "Blackthorne Russia"]
[BlackTeam "Cambridge University"]
[WhiteTeamCountry "ENG"]
[BlackTeamCountry "ENG"]

1. Nf3 Nf6 2. c4 c5 3. Nc3 e6 4. e3 d5 5. d4 a6 6. a3 Nc6 7. cxd5 exd5 8. Be2 Bd6 9. dxc5 Bxc5 10. 0-0 0-0 11. b4 Bd6 12. Bb2 Be6 13. Nd4 Bd7 14. Bf3 Ne5 15. Nxd5 Nxf3+ 16. Nxf3 Ne8 17. Qd4 Bc6 18. Rad1 a5 19. e4 axb4 20. axb4 Bxd5 21. exd5 Ra4 22. Bc3 Qf6 23. Qc4 Qg6 24. Rfe1 Ra3 25. Ra1 Rxa1 26. Bxa1 Nf6 27. Qb5 Qg4 28. Bxf6 gxf6 29. Qxb7 Bxb4 30. Rd1 Bc5 31. d6 Qa4 32. Qd5 Qc2 33. Rf1 Rd8 34. d7 Bb6 35. g3 Qc5 36. Qd2 Qc6 37. Qf4 Rxd7 38. Rc1 Qe6 39. Re1 Qh3 40. Qxf6 Bxf2+ 41. Kxf2 1-0

[Event "BCF-chT 2223 (4NCL)"]
[Site "England"]
[Date "2023.02.11"]
[Round "5.1"]
[White "Duncan, Christopher R"]
[Black "Kirk, Ezra"]
[Result "0-1"]
[WhiteElo "2194"]
[BlackElo "2440"]
[PlyCount "72"]
[EventDate "2022.10.22"]
[EventType "team-swiss"]
[EventRounds "11"]
[EventCountry "ENG"]
[SourceTitle "CBM 213 Extra"]
[Source "ChessBase"]
[SourceDate "2023.05.31"]
[SourceVersion "1"]
[SourceVersionDate "2023.05.31"]
[SourceQuality "1"]
[WhiteTeam "Blackthorne Russia"]
[BlackTeam "Cheddleton"]
[WhiteTeamCountry "ENG"]
[BlackTeamCountry "ENG"]

1. Nf3 Nf6 2. c4 g6 3. Nc3 Bg7 4. d4 0-0 5. e4 d6 6. Be2 Nbd7 7. 0-0 e5 8. Be3 Qe7 9. Qc2 c6 10. Rfe1 h6 11. Rad1 Ng4 12. Bc1 exd4 13. Nxd4 Nxf2 14. Kxf2 Qh4+ 15. Kf1 Bxd4 16. Bf3 Bg7 17. Kg1 Ne5 18. Qf2 Qxf2+ 19. Kxf2 Be6 20. Rxd6 Nxc4 21. Rdd1 Ne5 22. Be3 Rfd8 23. Be2 b6 24. Kf1 Nc4 25. Bxc4 Bxc4+ 26. Kf2 b5 27. Kf3 b4 28. Na4 Bxa2 29. Rxd8+ Rxd8 30. Rc1 Bb3 31. Nc5 Bd1+ 32. Kf2 Bxb2 33. Rb1 Bc3 34. Nb7 Rb8 35. Na5 Bc2 36. Rc1 Bxe4 0-1

[Event "BCF-chT 2223 (4NCL)"]
[Site "England"]
[Date "2022.10.22"]
[Round "1.3"]
[White "Duncan, Christopher R"]
[Black "Moreby, James"]
[Result "0-1"]
[WhiteElo "2194"]
[BlackElo "2346"]
[PlyCount "150"]
[EventDate "2022.10.22"]
[EventType "team-swiss"]
[EventRounds "11"]
[EventCountry "ENG"]
[SourceTitle "CBM 210 Extra"]
[Source "ChessBase"]
[SourceDate "2022.11.30"]
[SourceVersion "1"]
[SourceVersionDate "2022.11.30"]
[SourceQuality "1"]
[WhiteTeam "Blackthorne Russia"]
[BlackTeam "The Sharks"]
[WhiteTeamCountry "ENG"]
[BlackTeamCountry "ENG"]

1. Nf3 d5 2. d4 c6 3. c4 e6 4. cxd5 exd5 5. Nc3 Bf5 6. Bf4 Qb6 7. Qd2 Nf6 8. a3 Nbd7 9. e3 Ne4 10. Nxe4 dxe4 11. Ne5 Nf6 12. Be2 Be7 13. 0-0 0-0 14. b4 Qd8 15. Qb2 Nd5 16. Bg3 Be6 17. Rfc1 a6 18. Nc4 f5 19. Bf1 Rf6 20. Qc2 Rh6 21. Be5 g5 22. Na5 Ra7 23. Nb3 Bc8 24. Bc4 b6 25. f3 exf3 26. gxf3 b5 27. Bxd5+ Qxd5 28. e4 fxe4 29. fxe4 Qe6 30. Nc5 Bxc5 31. bxc5 Rh4 32. Kh1 Qg6 33. Rg1 Be6 34. Raf1 Rf7 35. Rxf7 Bxf7 36. Re1 Bd5 37. Kg1 Rxe4 38. Rxe4 Bxe4 39. Qf2 Bf5 40. Qe3 Be6 41. Bd6 Qf5 42. Bc7 h6 43. Bd8 Kf7 44. Bc7 Bc4 45. Kg2 h5 46. Bd8 Qd5+ 47. Qf3+ Kg6 48. Qxd5 Bxd5+ 49. Kf2 Kf5 50. Ke3 h4 51. Kf2 Kf4 52. Bc7+ Ke4 53. Bd8 Kxd4 54. Bxg5 h3 55. Ke2 Kxc5 56. Kd3 Bf7 57. Kc3 Kd5 58. Bd8 c5 59. Ba5 Bg6 60. Bd8 Ke4 61. Bb6 Kd5 62. Bd8 Bb1 63. Ba5 Ba2 64. Bd8 Bc4 65. Ba5 Kd6 66. Bd8 Kc6 67. Ba5 Be6 68. Bd8 Bd5 69. Kb2 b4 70. Be7 a5 71. a4 Kb6 72. Bd8+ Ka6 73. Be7 c4 74. Bd8 Bc6 75. Be7 Bxa4 0-1

[Event "GBR-ch Seniors 50 108th"]
[Site "Torquay"]
[Date "2022.08.11"]
[Round "4"]
[White "Moyse, Nigel John"]
[Black "Duncan, Christopher R"]
[Result "1/2-1/2"]
[WhiteElo "1976"]
[BlackElo "2178"]
[PlyCount "123"]
[EventDate "2022.08.08"]
[EventType "swiss"]
[EventRounds "7"]
[EventCountry "ENG"]
[SourceTitle "EXT 2024"]
[Source "ChessBase"]
[SourceDate "2023.10.10"]
[SourceVersion "1"]
[SourceVersionDate "2023.10.10"]
[SourceQuality "1"]

1. d4 d5 2. c4 e6 3. Nc3 Nf6 4. Nf3 dxc4 5. Qa4+ Nc6 6. Qxc4 Nb4 7. Qb3 c5 8. e3 a6 9. a4 Be7 10. Be2 0-0 11. 0-0 cxd4 12. exd4 Bd7 13. Bg5 Bc6 14. Rfd1 Rc8 15. Ne5 Bd5 16. Nxd5 Nfxd5 17. Bxe7 Qxe7 18. Rac1 Rfd8 19. Bf3 Qd6 20. Be4 Rxc1 21. Rxc1 Nf6 22. Bf3 a5 23. Qc4 Nfd5 24. g3 f6 25. Nd3 b6 26. Nxb4 Nxb4 27. Re1 Re8 28. Bg4 Nd5 29. Bf3 Kf7 30. Bh5+ g6 31. Bf3 Qb4 32. Rc1 Qxc4 33. Rxc4 Nb4 34. Kf1 Re7 35. Ke2 Rd7 36. Ke3 Ke7 37. h4 Kd8 38. Be4 Rc7 39. b3 f5 40. Bb1 Nd5+ 41. Kd2 Kd7 42. Bc2 Kd6 43. Rxc7 Kxc7 44. Bd1 Kd6 45. Bf3 Nb4 46. Bb7 h6 47. Ke3 g5 48. hxg5 hxg5 49. Bc8 Nd5+ 50. Kd3 Nf6 51. Bb7 Ng4 52. f4 gxf4 53. gxf4 Nf6 54. Ke3 Ne8 55. Kd3 Ng7 56. Bf3 Ne8 57. Bb7 Nf6 58. Ke3 Ng4+ 59. Ke2 Kc7 60. Bf3 Nf6 61. Kd3 Ne8 62. Bh5 1/2-1/2

[Event "WchT Seniors 50"]
[Site "Acqui Terme"]
[Date "2022.06.21"]
[Round "2.1"]
[White "Hebden, Mark"]
[Black "Duncan, Christopher R"]
[Result "1-0"]
[WhiteElo "2465"]
[BlackElo "2199"]
[PlyCount "121"]
[EventDate "2022.06.20"]
[EventType "team-swiss"]
[EventRounds "9"]
[EventCountry "ITA"]
[SourceTitle "CBM 209 Extra"]
[Source "ChessBase"]
[SourceDate "2022.09.30"]
[SourceVersion "1"]
[SourceVersionDate "2022.09.30"]
[SourceQuality "1"]
[WhiteTeam "England 50"]
[BlackTeam "England 50 II"]
[WhiteTeamCountry "ENG"]
[BlackTeamCountry "ENG"]

1. d4 d5 2. Nf3 Nf6 3. c4 c6 4. e3 Bf5 5. Nc3 e6 6. Nh4 Be4 7. f3 Bg6 8. Qb3 Qc7 9. Bd2 Be7 10. cxd5 cxd5 11. Nxg6 hxg6 12. 0-0-0 Nc6 13. Kb1 a6 14. Rc1 Nd7 15. g3 Rc8 16. Bd3 b5 17. Ne2 Nb6 18. e4 Nc4 19. Bxc4 bxc4 20. Qe3 Rb8 21. h4 Rb7 22. Bc3 Qd6 23. Ka1 Kd7 24. e5 Qb8 25. g4 Nb4 26. Bxb4 Rxb4 27. Qd2 a5 28. f4 Rh6 29. h5 gxh5 30. gxh5 f5 31. Rcg1 Qh8 32. a3 Rb5 33. Qd1 Rb3 34. Nc1 Rb6 35. Qa4+ Rc6 36. Qxa5 Rxh5 37. Rxh5 Qxh5 38. Rxg7 Qe8 39. Ne2 Qb8 40. Nc3 Qb6 41. Qa8 Qd8 42. Qa4 Qb6 43. Nb5 c3 44. Nxc3 Qc7 45. Kb1 Ke8 46. Qa8+ Qc8 47. Qxc8+ Rxc8 48. Kc2 Kd7 49. Kd3 Rh8 50. Na4 Ke8 51. Nc5 Rh3+ 52. Kc2 Bxc5 53. dxc5 Rf3 54. c6 Kd8 55. b3 Rxf4 56. a4 Rf2+ 57. Kc3 f4 58. b4 f3 59. b5 Ra2 60. c7+ Kc8 61. b6 1-0

[Event "BCF-chT 2122 (4NCL)"]
[Site "England"]
[Date "2022.05.02"]
[Round "9.65"]
[White "Duncan, Christopher R"]
[Black "Kanyamarala, Trisha"]
[Result "1/2-1/2"]
[WhiteElo "2191"]
[BlackElo "2198"]
[PlyCount "47"]
[EventDate "2021.11.27"]
[EventType "team-swiss"]
[EventRounds "11"]
[EventCountry "ENG"]
[SourceTitle "EXT 2023"]
[Source "ChessBase"]
[SourceDate "2022.10.05"]
[SourceVersion "1"]
[SourceVersionDate "2022.10.05"]
[SourceQuality "1"]
[WhiteTeam "Blackthorne Russia"]
[BlackTeam "Gonzaga"]
[WhiteTeamCountry "ENG"]
[BlackTeamCountry "ENG"]

1. Nf3 d5 2. d4 Nf6 3. c4 e6 4. Nc3 Bb4 5. cxd5 exd5 6. Bg5 0-0 7. e3 h6 8. Bh4 Bf5 9. Qb3 Bxc3+ 10. bxc3 Nbd7 11. Be2 c5 12. 0-0 c4 13. Qxb7 Qb6 14. Qxb6 axb6 15. a4 Ra5 16. Bxf6 Nxf6 17. Ne5 Rc8 18. f3 Bc2 19. e4 Rxa4 20. exd5 b5 21. Rxa4 Bxa4 22. d6 Nd5 23. Rc1 Rd8 24. Kf2 1/2-1/2

[Event "BCF-chT 2122 (4NCL)"]
[Site "England"]
[Date "2021.11.27"]
[Round "1.105"]
[White "Duncan, Christopher R"]
[Black "Li, Harry"]
[Result "1/2-1/2"]
[WhiteElo "2191"]
[BlackElo "2080"]
[PlyCount "64"]
[EventDate "2021.11.27"]
[EventType "team-swiss"]
[EventRounds "11"]
[EventCountry "ENG"]
[SourceTitle "EXT 2023"]
[Source "ChessBase"]
[SourceDate "2022.10.05"]
[SourceVersion "1"]
[SourceVersionDate "2022.10.05"]
[SourceQuality "1"]
[WhiteTeam "Blackthorne Russia"]
[BlackTeam "Chessable White Rose II"]
[WhiteTeamCountry "ENG"]
[BlackTeamCountry "ENG"]

1. Nf3 d5 2. c4 e6 3. g3 c5 4. cxd5 exd5 5. d4 Nc6 6. Bg2 Nf6 7. 0-0 Be7 8. Nc3 0-0 9. Bf4 c4 10. Ne5 Be6 11. Re1 h6 12. e4 dxe4 13. Nxc6 bxc6 14. Nxe4 Nxe4 15. Bxe4 Bd5 16. Qc2 Re8 17. Rad1 Qa5 18. Re2 Rad8 19. Bxd5 cxd5 20. Rde1 Qb4 21. Re5 Qb7 22. Qe2 Kf8 23. Bd2 Qd7 24. Rxe7 Qxe7 25. Qxe7+ Rxe7 26. Bb4 Rdd7 27. Re5 Ke8 28. Bxe7 Rxe7 29. Rxd5 Re1+ 30. Kg2 Rb1 31. Ra5 Rxb2 32. Rxa7 Rd2 1/2-1/2

[Event "Titled Tuesday intern op 10th Aug"]
[Site "Chess.com INT"]
[Date "2021.08.10"]
[Round "10"]
[White "Hansen, Soren Bech"]
[Black "Duncan, Christopher R"]
[Result "1-0"]
[WhiteElo "2296"]
[BlackElo "2225"]
[PlyCount "133"]
[EventDate "2021.08.10"]
[EventType "swiss (blitz)"]
[EventRounds "11"]
[EventCountry "USA"]
[SourceTitle "CBM 203 Extra"]
[Source "ChessBase"]
[SourceDate "2021.09.30"]
[SourceVersion "1"]
[SourceVersionDate "2021.09.30"]
[SourceQuality "1"]

1. e4 c5 2. Nf3 d6 3. Bb5+ Bd7 4. Bxd7+ Qxd7 5. 0-0 Nf6 6. Qe2 Nc6 7. c3 e6 8. d4 cxd4 9. cxd4 d5 10. e5 Ne4 11. Nbd2 Nxd2 12. Bxd2 Be7 13. Rac1 0-0 14. Rc3 Rfc8 15. Rfc1 a6 16. h4 Nb4 17. a3 Rxc3 18. Rxc3 Nc6 19. h5 Rc8 20. h6 g6 21. Bg5 Rc7 22. Bxe7 Nxe7 23. Nh2 Rxc3 24. bxc3 Qc6 25. Qd2 Qc8 26. Ng4 Nf5 27. Qg5 Qf8 28. Nf6+ Kh8 29. Nd7 Qe7 30. Qxe7 Nxe7 31. Nc5 Nf5 32. Nxb7 Nxh6 33. Nc5 a5 34. a4 Nf5 35. Nb7 Ne7 36. Nxa5 Kg7 37. Kf1 f6 38. exf6+ Kxf6 39. Ke2 e5 40. Kd3 e4+ 41. Ke3 Nf5+ 42. Ke2 h5 43. Nb7 Ne7 44. a5 Nc6 45. a6 g5 46. Na5 Na7 47. c4 dxc4 48. Nxc4 h4 49. Nd6 g4 50. Nxe4+ Kf5 51. Nd2 Nb5 52. Ke3 h3 53. gxh3 gxh3 54. Nf1 Ke6 55. Ke4 Kd6 56. f4 Nc3+ 57. Kd3 Nb5 58. f5 Kd5 59. Ne3+ Kd6 60. Ng4 Kd5 61. f6 Ke6 62. Kc4 Na7 63. Kc5 h2 64. Nxh2 Kxf6 65. Kb6 Ke7 66. Kxa7 Kd7 67. Kb7 1-0

[Event "BCF-chTb 1920 (4NCL)"]
[Site "Daventry"]
[Date "2020.03.01"]
[Round "2.85"]
[White "Duncan, Christopher R"]
[Black "Brett, Andrew"]
[Result "1-0"]
[WhiteElo "2217"]
[BlackElo "2079"]
[PlyCount "112"]
[EventDate "2019.11.09"]
[EventType "team-tourn"]
[EventRounds "11"]
[EventCountry "ENG"]
[SourceTitle "CBM 195 Extra"]
[Source "ChessBase"]
[SourceDate "2020.05.31"]
[SourceVersion "1"]
[SourceVersionDate "2020.05.31"]
[SourceQuality "1"]
[WhiteTeam "Blackthorne Russia"]
[BlackTeam "Barbican II"]
[WhiteTeamCountry "ENG"]
[BlackTeamCountry "ENG"]

1. Nf3 Nf6 2. c4 e6 3. Nc3 d5 4. d4 c6 5. Bg5 dxc4 6. e4 b5 7. e5 h6 8. Bh4 g5 9. Nxg5 hxg5 10. Bxg5 Nbd7 11. g3 Bb7 12. Bg2 Qb6 13. exf6 0-0-0 14. 0-0 c5 15. d5 b4 16. Na4 Qb5 17. a3 Nb8 18. axb4 cxb4 19. Qg4 Bxd5 20. Bxd5 Rxd5 21. Be3 Nc6 22. Rfc1 Kb7 23. Qe4 Na5 24. Ra2 Qc6 25. Qf3 Nb3 26. Rd1 Bd6 27. h4 Rg8 28. Bg5 Rxd1+ 29. Qxd1 Qd5 30. Qh5 Rf8 31. Kh2 Qf5 32. Qe2 Qd5 33. Be3 Rh8 34. Qg4 a5 35. Nb6 Qc6 36. Nxc4 Bc7 37. h5 Qe8 38. h6 Rg8 39. Qe4+ Qc6 40. Qd3 Qf3 41. Nd6+ Bxd6 42. Qxd6 Qc6 43. Qf4 Qd5 44. g4 Rc8 45. Kg3 Qd3 46. Rxa5 Nxa5 47. Qxb4+ Kc6 48. Qxa5 Qd6+ 49. Kf3 Qd1+ 50. Kf4 Qd6+ 51. Qe5 Qb4+ 52. Qe4+ Qxe4+ 53. Kxe4 Kd6 54. Bf4+ Kd7 55. Be5 Rc4+ 56. Kf3 Ke8 1-0

[Event "BCF-chT1c 1819 (4NCL) Promotion pool"]
[Site "England"]
[Date "2019.05.06"]
[Round "11.35"]
[White "Duncan, Christopher R"]
[Black "Taylor, Martin R"]
[Result "1/2-1/2"]
[WhiteElo "2221"]
[BlackElo "2335"]
[PlyCount "53"]
[EventDate "2018.11.10"]
[EventType "team-tourn"]
[EventRounds "11"]
[EventCountry "ENG"]
[SourceTitle "CBM 190 Extra"]
[Source "ChessBase"]
[SourceDate "2019.07.15"]
[SourceVersion "1"]
[SourceVersionDate "2019.07.15"]
[SourceQuality "1"]
[WhiteTeam "Blackthorne Russia"]
[BlackTeam "Barbican"]
[WhiteTeamCountry "ENG"]
[BlackTeamCountry "ENG"]

1. Nf3 d5 2. d4 Nf6 3. c4 c6 4. Nc3 e6 5. Bg5 Nbd7 6. e3 Qa5 7. Nd2 Bb4 8. Qc2 c5 9. Be2 cxd4 10. exd4 dxc4 11. Bxf6 Nxf6 12. Nxc4 Bxc3+ 13. bxc3 Qc7 14. 0-0 0-0 15. Rac1 b6 16. Rfd1 Bb7 17. Ne5 Rfd8 18. Qd2 Rac8 19. c4 Nd7 20. Nf3 Bxf3 21. Bxf3 e5 22. d5 Nf6 23. a4 Qd6 24. a5 Rc5 25. axb6 axb6 26. Qb2 h6 27. Re1 1/2-1/2

[Event "BCF-chT1c 1819 (4NCL) Promotion pool"]
[Site "England"]
[Date "2019.05.05"]
[Round "10.44"]
[White "Duncan, Christopher R"]
[Black "Camacho Collados, Jose"]
[Result "0-1"]
[WhiteElo "2221"]
[BlackElo "2400"]
[PlyCount "82"]
[EventDate "2018.11.10"]
[EventType "team-tourn"]
[EventRounds "11"]
[EventCountry "ENG"]
[SourceTitle "CBM 190 Extra"]
[Source "ChessBase"]
[SourceDate "2019.07.15"]
[SourceVersion "1"]
[SourceVersionDate "2019.07.15"]
[SourceQuality "1"]
[WhiteTeam "Blackthorne Russia"]
[BlackTeam "White Rose"]
[WhiteTeamCountry "ENG"]
[BlackTeamCountry "ENG"]

1. c4 Nf6 2. Nc3 c5 3. Nf3 b6 4. e4 Nc6 5. d4 cxd4 6. Nxd4 Bb7 7. Be2 g6 8. 0-0 Bg7 9. Be3 0-0 10. f3 e6 11. Nxc6 Bxc6 12. Qd6 Ne8 13. Qd2 f5 14. Rad1 Qe7 15. exf5 gxf5 16. f4 Rc8 17. Bd4 Rf7 18. Bh5 Bxd4+ 19. Qxd4 Rg7 20. Bf3 Qc5 21. b3 Kf8 22. Rd2 Ke7 23. Kh1 Qxd4 24. Rxd4 h5 25. Kg1 h4 26. a4 Bxf3 27. Rxf3 Nf6 28. Re3 Rg4 29. Nb5 Rcg8 30. Re2 Ne4 31. Nxa7 Rxf4 32. Nb5 Rf3 33. Rb2 h3 34. b4 Re3 35. Rd1 f4 36. a5 bxa5 37. bxa5 f3 38. g3 f2+ 39. Kf1 Rgxg3 40. hxg3 h2 41. Kg2 Re1 0-1

[Event "BCF-chT1d 1718 (4NCL) Demotion pool"]
[Site "England"]
[Date "2018.05.06"]
[Round "10.67"]
[White "Duncan, Christopher R"]
[Black "Latham, David"]
[Result "1-0"]
[WhiteElo "2253"]
[BlackElo "2106"]
[PlyCount "113"]
[EventDate "2017.11.11"]
[EventType "team-swiss"]
[EventRounds "11"]
[EventCountry "ENG"]
[SourceTitle "EXT 2019"]
[Source "ChessBase"]
[SourceDate "2018.10.10"]
[SourceVersion "1"]
[SourceVersionDate "2018.10.10"]
[SourceQuality "1"]
[WhiteTeam "Blackthorne Russia"]
[BlackTeam "Spirit of Atticus"]
[WhiteTeamCountry "ENG"]
[BlackTeamCountry "ENG"]

1. Nf3 Nf6 2. c4 e6 3. Nc3 c5 4. d4 cxd4 5. Nxd4 d6 6. g3 a6 7. Bg2 Be7 8. 0-0 0-0 9. b3 Qc7 10. Bb2 Nc6 11. Rc1 Nxd4 12. Qxd4 Bd7 13. Rfd1 e5 14. Qd3 Rad8 15. a3 Be6 16. b4 Rc8 17. Nd5 Bxd5 18. Bxd5 Nxd5 19. Qxd5 Qc6 20. Qd3 Rfd8 21. h4 g6 22. e4 Bf6 23. Rc2 Qe8 24. Qd5 Qe7 25. Bc1 b5 26. Be3 bxc4 27. Rdc1 Qe6 28. Rxc4 Rxc4 29. Rxc4 Qxd5 30. exd5 Ra8 31. Kf1 Kf8 32. Ke2 Bd8 33. Kd3 Ke8 34. Rc6 Kd7 35. a4 f5 36. Bg5 Bc7 37. Kc4 Kc8 38. a5 Kb7 39. Be7 Rc8 40. Kb3 Re8 41. Bxd6 Bxd6 42. Rxd6 e4 43. Rb6+ Kc8 44. Re6 Rf8 45. Rxa6 Kd7 46. Re6 f4 47. Rxe4 fxg3 48. fxg3 Rf3+ 49. Kc4 Rxg3 50. b5 Ra3 51. a6 Ra4+ 52. Kd3 Ra3+ 53. Kd4 Kd6 54. Re6+ Kd7 55. Kc5 Ra4 56. h5 g5 57. Rh6 1-0

[Event "London Classic op"]
[Site "London"]
[Date "2017.12.05"]
[Round "5"]
[White "Duncan, Christopher R"]
[Black "Myall, Ivan J"]
[Result "1-0"]
[WhiteElo "2242"]
[BlackElo "2001"]
[PlyCount "145"]
[EventDate "2017.12.02"]
[EventType "swiss"]
[EventRounds "9"]
[EventCountry "ENG"]
[SourceTitle "CBM 182 Extra"]
[Source "ChessBase"]
[SourceDate "2018.02.23"]
[SourceVersion "1"]
[SourceVersionDate "2018.02.23"]
[SourceQuality "1"]

1. c4 Nf6 2. Nf3 e6 3. Nc3 d5 4. e3 c6 5. b3 Bd6 6. Qc2 Nbd7 7. Bb2 0-0 8. Be2 h6 9. 0-0 e5 10. cxd5 Nxd5 11. Ne4 Bb8 12. Ng3 Re8 13. a3 N7f6 14. d3 Bg4 15. b4 a6 16. h3 Bxf3 17. Bxf3 Qc7 18. Rfe1 a5 19. Qc4 Qb6 20. Qc5 axb4 21. Qxb6 Nxb6 22. axb4 Bd6 23. b5 cxb5 24. Bxb7 Rxa1 25. Bxa1 b4 26. Rb1 g6 27. Kf1 Rb8 28. Bf3 h5 29. Ke1 Na4 30. Bd1 Nc5 31. Kd2 Nd5 32. Ne2 Ra8 33. Bb2 Kf8 34. Nc1 Ke7 35. Bf3 Ke6 36. d4 Nd7 37. dxe5 Nxe5 38. Bxe5 Kxe5 39. Nd3+ Ke6 40. Bxd5+ Kxd5 41. Nxb4+ Bxb4+ 42. Rxb4 Ra2+ 43. Ke1 Ke5 44. Rb7 Kf6 45. Rb4 g5 46. Rd4 Kf5 47. Rd5+ Ke4 48. Rd4+ Ke5 49. Rd2 Ra1+ 50. Ke2 f5 51. Kf3 Ra3 52. Rb2 g4+ 53. hxg4 hxg4+ 54. Kg3 f4+ 55. Kxg4 fxe3 56. Re2 Ra4+ 57. Kf3 Kf5 58. Rxe3 Rf4+ 59. Ke2 Ra4 60. Re8 Ra2+ 61. Kf3 Ra3+ 62. Re3 Ra4 63. g3 Rb4 64. Ra3 Rb5 65. g4+ Kg5 66. Kg3 Rb4 67. f4+ Kg6 68. Ra6+ Kg7 69. g5 Rb1 70. Kg4 Rb2 71. Ra5 Rb8 72. Ra7+ Kg8 73. f5 1-0